| 000 | 00790nas a2200253 i 4500 | ||
|---|---|---|---|
| 001 | 1440 | ||
| 003 | ES-MaACL | ||
| 005 | 20250819170102.0 | ||
| 007 | t| | ||
| 008 | 950801d19411945sp w| | 1 ||pa d | ||
| 022 | _a1887-7354 | ||
| 080 | _a(051.055.2) | ||
| 245 | 0 | 0 |
_aMedina _b: [semanario de la S.F.] / _cdir. Pilar Semprún. |
| 260 |
_aMadrid : _b[Sección Femenina], _c1941-1945. |
||
| 300 |
_a5 v. ; _c37 cm. |
||
| 310 | _aSemanal | ||
| 362 | 0 | _aAño 1, n. 1 (20 marzo 1941)-año 5, n. 247 (30 dic. 1945) | |
| 650 | 1 | 7 |
_aFeminismo _2embne _912744 |
| 700 | 1 |
_aSemprún, Pilar. _9105420 |
|
| 710 | 0 |
_aFalange Española Tradicionalista y de las J.O.N.S. _bSección Femenina. _94087 |
|
| 852 |
_aES-MaACL _jHem-46 |
||
| 866 | 0 | _o1943-44 (1945 en.-jun.) | |
| 999 |
_c1440 _d1440 |
||